MARC

LEADER 00000nab a2200000 ar4500
001 vtls011725507
003 SK-MaSNL
005 20260303083016.0
008 171205c2017 xo wr|p|||||||000 b|slo
038 |a PPPK 
040 |a PPPKCL  |b slo  |c PPPKCL  |e AACR2 
041 0 |a slo 
044 |a xo  |c SK 
080 |a 738.23  |2 2011 
080 |a 069.9  |2 2011 
245 0 0 |a ÚĽUV vystavuje majoliku 
500 |a Autor článku nie je uvedený. 
600 1 7 |a Pečuk, Ján  |2 pppkcl  |9 1088869 
600 1 7 |a Pečuková, Anna  |2 pppkcl  |9 1088870 
610 2 7 |a Ústredie ľudovej umeleckej výroby (Bratislava, Slovensko).  |b Galéria (Tatranská Lomnica)  |2 pppkcl  |9 1039231 
611 2 7 |a Ako doma - majolikový príbeh manželov Pečukovcov  |d (2017 :  |c Tatranská Lomnica, Slovensko)  |2 pppkcl  |9 1088871 
648 7 |a 28.11.-28.2.2017  |2 pppkcl  |9 1088872 
650 0 7 |a majolika  |2 pppkcl  |9 3067 
650 0 7 |a keramika  |2 pppkcl  |9 3061 
650 0 7 |a výstavy  |2 pppkcl  |9 2780 
651 7 |a Tatranská Lomnica (Vysoké Tatry, Slovensko)  |2 pppkcl  |9 160914 
651 7 |a Poprad (Slovensko : okres)  |2 pppkcl  |9 28675 
773 0 |t Podtatranské noviny  |g Roč. LVII, č. 48 (2017), s. 4  |x 1210-2423 
852 |a PPPK  |b KIS3GCP 
999 |c 1789986  |d 1791916